| 000 | 00630nam a22002057a 4500 | ||
|---|---|---|---|
| 003 | OSt | ||
| 005 | 20240812111317.0 | ||
| 008 | 240812b |||||||| |||| 00| 0 eng d | ||
| 020 | _a8122414648 | ||
| 040 |
_aMMU _beng _cMMU _dMMU |
||
| 100 |
_aSatapathy M. K _91172 |
||
| 245 |
_aRice Tungro diseases epidemic -an analysis / _cM.K Satapathy and A. Anjaneyulu |
||
| 260 |
_aNew Delhi : _bDiscovery Publishing House, _c2001 |
||
| 300 |
_a119 pages : _billustrations ; |
||
| 500 | _aIncludes index | ||
| 650 |
_aTungro epidemics _91173 |
||
| 650 |
_aRice disease _91174 |
||
| 700 |
_aAnjaneyulu A. A _91175 |
||
| 942 |
_2lcc _cLOAN LOAN |
||
| 999 |
_c32865 _d32862 |
||